000 00775nam a22001817a 4500
005 20231212150448.0
010 _aHIN-126352
020 _a9789389245202
_c499.00
035 _aHN-98698
037 _bDBAD/PUB
082 _a363.8
100 _aसुशोभित
_959817
245 _aअपनी रामरसोई;
_bभारत मे भोजन और भजन /
_cसुशोभित
260 _aलखनऊ
_bदिव्पयांश पब्लिकेशन्स
_c2021
270 _aC-1-30, अंसल ए. पी.आई. सुशान्त ग्लोफ़ सिटी
_bलखनऊ
_e226030
_k09415185960
300 _a128 पिष्ट.;
_c23 (सजिल्द)
942 _cHN
_2ddc
_h363.8
_mसुशोभि
999 _c199155
_d199155